Facilities management and its potential (Record no. 70755)
[ view plain ]
| 000 -LEADER | |
|---|---|
| fixed length control field | 01297cam a2200241 4500 |
| 001 - CONTROL NUMBER | |
| control field | ABS65715 |
| 008 - FIXED-LENGTH DATA ELEMENTS--GENERAL INFORMATION | |
| fixed length control field | 020717n2002 000 0 eng u |
| 035 ## - SYSTEM CONTROL NUMBER | |
| System control number | (Sirsi) u118878 |
| 100 ## - MAIN ENTRY--PERSONAL NAME | |
| Personal name | Grier, C |
| 245 ## - TITLE STATEMENT | |
| Title | Facilities management and its potential |
| 260 ## - PUBLICATION, DISTRIBUTION, ETC. | |
| Date of publication, distribution, etc. | 2002 |
| 490 ## - SERIES STATEMENT | |
| Series statement | Facilities Management |
| Volume/sequential designation | 9(10) July 2002, 8-9(2) |
| 520 ## - SUMMARY, ETC. | |
| Summary, etc. | Identifies the reasons behind the success of the UK facilities management (FM) market which is worth up to £160bn per year and growing 15% each year. Three key factors are that 40 - 50% of the FM market remains in-house, most of the industry is resistant to swings in the economy and government's commitment to the private finance initiative (PFI) will give FM companies long term and predictable revenue. Article expands on the scope of FM services, market activity, mergers and acquisitions including the risks of M&A, the PFI commitment, and examples of how PricewaterhouseCoopers has been involved in consolidating the industry. |
| 590 ## - LOCAL NOTE (RLIN) | |
| Local note | ABS |
| 650 ## - SUBJECT ADDED ENTRY--TOPICAL TERM | |
| Topical term or geographic name entry element | FACILITIES MANAGEMENT |
| 9 (RLIN) | 6240 |
| 650 ## - SUBJECT ADDED ENTRY--TOPICAL TERM | |
| Topical term or geographic name entry element | PRIVATE FINANCE INITIATIVE |
| 650 ## - SUBJECT ADDED ENTRY--TOPICAL TERM | |
| Topical term or geographic name entry element | PFI |
| 650 ## - SUBJECT ADDED ENTRY--TOPICAL TERM | |
| Topical term or geographic name entry element | MERGERS AND ACQUISITIONS |
| 650 ## - SUBJECT ADDED ENTRY--TOPICAL TERM | |
| Topical term or geographic name entry element | PRICEWATERHOUSECOOPERS |
| 650 ## - SUBJECT ADDED ENTRY--TOPICAL TERM | |
| Topical term or geographic name entry element | FACILITIES MANAGEMENT MARKET |
| 690 ## - LOCAL SUBJECT ADDED ENTRY--TOPICAL TERM (OCLC, RLIN) | |
| Topical term or geographic name as entry element | MANAGEMENT-FACILITIES MANAGEMENT |
| 942 ## - ADDED ENTRY ELEMENTS (KOHA) | |
| Suppress in OPAC | 0 |
| Withdrawn status | Lost status | Source of classification or shelving scheme | Damaged status | Not for loan | Home library | Current library | Shelving location | Date acquired | Total Checkouts | Full call number | Barcode | Date last seen | Copy number | Price effective from | Koha item type |
|---|---|---|---|---|---|---|---|---|---|---|---|---|---|---|---|
| Dewey Decimal Classification | London | London | Journal article | 17/07/2002 | ABS65715 | 118878-1001 | 06/08/2019 | 1 | 06/08/2019 | Journal article |